Técnicos Campeões da Copa do Brasil - Statistics

Estatísticas Gerais
  • Esse quiz foi jogado 157 vezes
    104 desde o último reset
  • A pontuação média é 19 de 35
Estatísticas das Respostas
Ano UF Clube Técnico % Correto
2010 SP Santos Dorival Júnior
99%
2022 SP Flamengo Dorival Júnior
99%
2023 SP São Paulo Dorival Júnior
99%
2007 RS Fluminense Renato Gaúcho / Portaluppi
92%
2016 RS Grêmio Renato Gaúcho / Portaluppi
92%
2020 Por Palmeiras Abel Ferreira
91%
1991 RS Criciúma Luiz Felipe Scolari / Felipão
91%
1994 RS Grêmio Luiz Felipe Scolari / Felipão
91%
1998 RS Palmeiras Luiz Felipe Scolari / Felipão
91%
2012 RS Palmeiras Luiz Felipe Scolari / Felipão
91%
2021 PR Atlético Mineiro Cuca
89%
2009 RS Corinthians Mano Menezes / Mano
79%
2017 RS Cruzeiro Mano Menezes / Mano
79%
2018 RS Cruzeiro Mano Menezes / Mano
79%
2003 RJ Cruzeiro Vanderlei Luxemburgo
77%
2001 RS Grêmio Tite
68%
2015 MG Palmeiras Marcelo Oliveira
62%
2019 RS Athletico Paranaense Tiago Nunes
61%
1996 PR Cruzeiro Levir Culpi
52%
2014 PR Atlético Mineiro Levir Culpi
52%
2005 SP Paulista Vagner Mancini
40%
1992 RJ Internacional Antônio Lopes
26%
2002 RJ Corinthians Carlos Alberto Parreira
25%
2006 MG Flamengo Ney Franco
25%
2013 RJ Flamengo Jayme de Almeida
23%
2008 SP Sport Nelsinho Batista
21%
2011 RJ Vasco Ricardo Gomes
18%
1997 RJ Grêmio Evaristo de Macedo
14%
2004 BA Santo André Péricles Chamusca
13%
2000 MG Cruzeiro Marco Aurélio
10%
1989 RS Grêmio Cláudio Duarte
5%
1995 MG Corinthians Eduardo Amorim
5%
1990 RJ Flamengo Jair Pereira
3%
1999 RS Juventude Valmir Louruz
3%
1993 RS Cruzeiro Pinheiro
2%
Nenhum quiz correspondente encontrado
Distribuição das Pontuações
Porcentagem de Pessoas com Cada Pontuação
Percentil de Números Respondidos
Sua Pontuação Histórica
Você não jogou esse quiz desde o último reset